000 01089nam a22003377a 4500
003 CHAP
005 20220329134626.0
008 971013s1981 r 00010 d
010 _a23196
011 _a24168
035 _a28267
040 _cCHAP
082 _a615.944
_bA8
100 0 0 _aAyres, John C.
_eed.
_99024
245 _aImpact of toxicology on food porcessing
260 _aWestport, Conn :
_bAvi,
_c1981
300 _a320 p.
_b: ilus. ; gráfs
490 _aIft basic symposium series
590 _aBATCH-UPD
_b10
_c20130109
_lUCH01
_h2316
590 _aBATCH-UPD
_b10
_c20130110
_lUCH01
_h0145
590 _aBATCH-UPD
_b10
_c20130110
_lUCH01
_h1321
590 _aBATCH-UPD
_b10
_c20130410
_lUCH01
_h0831
590 _aBATCH-UPD
_b10
_c20130914
_lUCH01
_h0127
590 _aCONVERSION
_b10
_c20130109
_lUCH01
_h1314
650 1 4 _aAlimentos
_xToxicología.
_94296
700 0 _aKirschaman, John C.
_963367
830 0 _aIft basic symposium series
_957330
901 _aBK
942 _cLIBRO
949 _a615.944 A8
_bBC
_cLIBRO
_d33724000012993
_eLIBRO
_gI.125887
_h65191
_i28267
_mDir
_si
999 _c23196
_d23196